000
00205 a2200097 4500
001
13138
100
_a
McSpadden,J.W
245
_a
Robin Hood
260
_a
_b
Alhamra Publishing Co
_c
090
_c
10140
_d
10140
942
_a
NUST-CAE
_c
M
_c
160
999
_c
248211
_d
248211